000 00678nam a2200241 a 4500
001 25564
003 CO-ViMGA
008 141112s2004 ck r 000 u spa d
020 _a9789588618227
040 _aCO-ViMGA
_bspa
_cCO-ViMGA
041 _aSPA
090 _aP NIÑ1
100 1 _aNiño, Jairo Aníbal, 1941 - 2010
_939080
245 1 0 _aEl libro de la caricia /
_cJairo Aníbal Niño
250 _a1a ed. 1a reimpr.
260 _aBogotá :
_bGrijalbo,
_c2013
300 _a94 p.
650 1 4 _aAMOR - POESIA
650 1 4 _aLITERATURA COLOMBIANA - SIGLO XX
_92057
650 1 4 _aPOESIA COLOMBIANA - SIGLO XX
_92302
650 1 4 _aPOETAS COLOMBIANOS
942 _2ddc
_cBK
999 _c5139
_d5139